Bienvenue au Catalogue en Ligne des Bibliothèques de l'Universite du Burundi

Normal view MARC view

Entry Topical Term

Number of records used in: 1

001 - CONTROL NUMBER

  • control field: 82367

003 - CONTROL NUMBER IDENTIFIER

  • control field: BI-BuBU

005 - DATE AND TIME OF LATEST TRANSACTION

  • control field: 20131206112656.0

008 - FIXED-LENGTH DATA ELEMENTS

  • fixed length control field: 131206|||a|||||| | ||| d

040 ## - CATALOGING SOURCE

  • Original cataloging agency: BI-BuBU
  • Transcribing agency: BI-BuBU

150 ## - HEADING--TOPICAL TERM

  • Topical term or geographic name as entry element: Ecrivain
  • General subdivision: Plateforme (Sembura)
  • Geographic subdivision: Afrique (Région des grands lacs)

670 ## - SOURCE DATA FOUND

  • Source citation: Work cat.: (BI-BuBU): Emergences, 2011

670 ## - SOURCE DATA FOUND

  • Source citation: Work cat.: (BI-BuBU): Emergences, 2011
© 2019-2026 - Bibliothèques de l'Université du Burundi |Tous droits réservés
home | Pour toute information urgente Contactez nous | tel whatsupp: +25779204313